NLSUI OPAC header image

Understanding law and society (Record no. 30968)

MARC details
000 -LEADER
fixed length control field 00795nam a2200217Ia 4500
003 - CONTROL NUMBER IDENTIFIER
control field OSt
005 - DATE AND TIME OF LATEST TRANSACTION
control field 20220203120425.0
008 - FIXED-LENGTH DATA ELEMENTS--GENERAL INFORMATION
fixed length control field 160316s2010 xxu||||| |||| 00| 0 eng d
020 ## - INTERNATIONAL STANDARD BOOK NUMBER
International Standard Book Number 9780415430333
040 ## - CATALOGING SOURCE
Transcribing agency NLS
082 ## - DEWEY DECIMAL CLASSIFICATION NUMBER
Classification number 340.115 TRA-2
100 ## - MAIN ENTRY--PERSONAL NAME
Personal name Travers Max
245 ## - TITLE STATEMENT
Title Understanding law and society
260 ## - PUBLICATION, DISTRIBUTION, ETC.
Place of publication, distribution, etc. London
Name of publisher, distributor, etc. Routledge
Date of publication, distribution, etc. 2010
300 ## - PHYSICAL DESCRIPTION
Extent 220p
Dimensions vi
365 ## - TRADE PRICE
Price amount Rs. 2,943
505 ## - FORMATTED CONTENTS NOTE
Formatted contents note Contents:<br/>1. Introduction;<br/>2 . Classical Thinkers;<br/>3. The Consensus Tradition;<br/>4. Critical Perspectives;<br/>5. Feminism and Law;<br/>6 . The Interpretive Tradition;<br/>7. Postmodernism and Difference;<br/>8. Legal Pluralism and Globalisation;<br/>9. Conclusion.
650 ## - SUBJECT ADDED ENTRY--TOPICAL TERM
Topical term or geographic name entry element 1. Sociological Jurisprudence2. Law - Philosophy3. Postemodernsim
700 ## - ADDED ENTRY--PERSONAL NAME
Personal name
--
942 ## - ADDED ENTRY ELEMENTS (KOHA)
Source of classification or shelving scheme Dewey Decimal Classification
Koha item type BOOKs
Holdings
Withdrawn status Lost status Damaged status Not for loan Home library Current library Shelving location Date acquired Cost, normal purchase price Total Checkouts Full call number Barcode Date last seen Price effective from Koha item type
        . . NAB Compactor 30.05.2017 2943.00   340.115 TRA-2 28269 30.05.2017 30.05.2017 BOOKs